[Event "EU-ch U20"]
[Site "Groningen"]
[Date "1986.??.??"]
[Round "?"]
[White "Thorhallsson, Throstur"]
[Black "Ivanchuk, Vassily"]
[Result "1/2-1/2"]
[WhiteElo "2290"]
[BlackElo "2475"]

1.e4 c5 2.c3 d6 3.d4 Nf6 4.dxc5 Nc6 5.f3 d5 6.exd5 Qxd5 7.Qxd5 Nxd5 8.Bc4 e6
9.Bxd5 exd5 10.Be3 Ne5 11.b3 Nd3+ 12.Kd2 Nxc5 13.Ne2 Ne6 14.a4 Be7 15.Na3 O-O
16.Nb5 a6 17.Nbd4 Nxd4 18.Nxd4 Bd7 19.Rhe1 Rfe8 20.Bf4 Bh4 21.g3 Bf6 22.Rxe8+ Rxe8
23.Re1 Rxe1 24.Kxe1 h5 25.Bd6  1/2-1/2

[Event "EU-ch U20"]
[Site "Groningen"]
[Date "1986.??.??"]
[Round "?"]
[White "Ninov, Kiril"]
[Black "Ivanchuk, Vassily"]
[Result "1/2-1/2"]
[WhiteElo "2315"]
[BlackElo "2475"]

1.Nf3 Nf6 2.g3 g6 3.Bg2 Bg7 4.c4 O-O 5.O-O c6 6.d4 d5 7.cxd5 cxd5 8.Ne5 e6
9.Nc3 Nfd7 10.Nf3 Nc6 11.Bf4 Nf6  1/2-1/2

[Event "EU-ch U20"]
[Site "Groningen"]
[Date "1986.??.??"]
[Round "?"]
[White "Ivanchuk, Vassily"]
[Black "Manor, Ilan"]
[Result "1-0"]
[WhiteElo "2475"]
[BlackElo "2405"]

1.d4 Nf6 2.c4 c5 3.Nf3 g6 4.Nc3 Bg7 5.d5 O-O 6.e4 d6 7.Be2 e6 8.O-O exd5
9.cxd5 Re8 10.Nd2 Na6 11.f3 Nc7 12.a4 b6 13.Nc4 Ba6 14.Bg5 h6 15.Be3 Bxc4
16.Bxc4 a6 17.Qd2 Kh7 18.Rab1 Rb8 19.b4 b5 20.Be2 c4 21.Bd4 Re7 22.a5 Qh8
23.Rbd1 Nce8 24.Rfe1 Nd7 25.Bxg7 Nxg7 26.f4 f5 27.Bf3 Rbe8 28.e5 dxe5 29.d6 Rf7
30.Bb7 exf4 31.Bxa6 Re3 32.Rxe3 fxe3 33.Qxe3 f4 34.Qd4 f3 35.Bxb5 f2+ 36.Kf1 Nf6
37.d7 Qd8 38.Qxf2 Nf5 39.Qb6 Ne3+ 40.Kg1 Qa8 41.Qxe3  1-0

[Event "EU-ch U20"]
[Site "Groningen"]
[Date "1986.??.??"]
[Round "?"]
[White "Ivanchuk, Vassily"]
[Black "Burgess, Mark R"]
[Result "1-0"]
[WhiteElo "2475"]
[BlackElo "2335"]

1.e4 c6 2.c4 d5 3.cxd5 cxd5 4.exd5 Nf6 5.Qa4+ Bd7 6.Qb3 Qb6 7.Nc3 Na6 8.Bc4 Qxb3
9.Bxb3 Nc5 10.Bc2 e5 11.dxe6 Nxe6 12.Nf3 Bc5 13.O-O O-O-O 14.d3 Nd4 15.Nxd4 Bxd4
16.Be3 Bf5 17.Rad1 Rhe8 18.Nb5 Bxe3 19.fxe3 Re5 20.Nc3 Ng4 21.e4 Ne3 22.Rxf5 Rxf5
23.exf5 Nxc2 24.Kf2 Nd4 25.g4 h5 26.h3 hxg4 27.hxg4 Rh8 28.Kg3 Re8 29.Ne4 Kd7
30.Rh1 f6 31.Kf4 b6 32.Rh7 Re7 33.Ng3 Nc6 34.Nh5 Ne5 35.d4 Nc6 36.Rxg7 Rxg7
37.Nxg7 Nxd4 38.Nh5 Ke7 39.Ke4 Nc2 40.Nf4 Kf7 41.Nd5 Kg7 42.Kd3 Ne1+ 43.Kc4  1-0

[Event "EU-ch U20"]
[Site "Groningen"]
[Date "1986.??.??"]
[Round "?"]
[White "Ivanchuk, Vassily"]
[Black "Blatny, Pavel"]
[Result "1/2-1/2"]
[WhiteElo "2475"]
[BlackElo "2410"]

1.d4 d5 2.c4 e6 3.Nc3 Nf6 4.Nf3 Be7 5.Bg5 h6 6.Bh4 O-O 7.e3 b6 8.Bd3 dxc4
9.Bxc4 Bb7 10.O-O Ne4 11.Bxe7 Qxe7 12.Nxe4 Bxe4 13.Rc1 Qd8 14.Bd3 Bxd3 15.Qxd3 c5  1/2-1/2

[Event "EU-ch U20"]
[Site "Groningen"]
[Date "1986.??.??"]
[Round "?"]
[White "Howell, James C"]
[Black "Ivanchuk, Vassily"]
[Result "0-1"]
[WhiteElo "2400"]
[BlackElo "2475"]

1.e4 e5 2.Nf3 Nf6 3.Nxe5 d6 4.Nf3 Nxe4 5.d4 d5 6.Bd3 Nc6 7.O-O Bg4 8.c4 Nf6
9.Nc3 Bxf3 10.Qxf3 Nxd4 11.Qe3+ Ne6 12.cxd5 Nxd5 13.Nxd5 Qxd5 14.Be4 Qb5
15.a4 Qa6 16.Rd1 Be7 17.Qf3 Rb8 18.b4 O-O 19.Rd7 Rbd8 20.Bxb7 Qc4 21.Rxd8 Rxd8
22.Be3 Qxb4 23.Be4 Bc5 24.Bxc5 Qxc5 25.h4 Qd4 26.Re1 Qxa4 27.h5 Ng5 28.Qf5 Nxe4
29.Rxe4 Qd1+ 30.Kh2 g6 31.hxg6 hxg6 32.Qg5 Rd5 33.Qf6 Qh5+ 34.Rh4 Qxh4+  0-1

[Event "URS-FL"]
[Site "Irkutsk"]
[Date "1986.??.??"]
[Round "?"]
[White "Ivanchuk, Vassily"]
[Black "Serper, Grigory"]
[Result "1-0"]
[WhiteElo "2475"]
[BlackElo "2200"]

1.e4 e5 2.Nf3 Nc6 3.Bb5 a6 4.Ba4 Nf6 5.O-O Be7 6.Re1 b5 7.Bb3 d6 8.c3 O-O
9.h3 Be6 10.d4 Bxb3 11.axb3 exd4 12.cxd4 d5 13.e5 Ne4 14.Nc3 f5 15.exf6 Nxf6
16.Bg5 Nb4 17.Nxb5 Qd7 18.Nc3 Bd6 19.Re3 h6 20.Bxf6 Rxf6 21.Ra5 Raf8 22.Na2 Re6
23.Ne5 Bxe5 24.Nxb4 Bd6 25.Nxd5 Rf5 26.b4 Bxb4 27.Rxe6 Bxa5 28.Ne7+ Kf7 29.Re3 Qxe7
30.Rxe7+ Kxe7 31.Qe2+ Kf7 32.Qc4+ Kg6 33.Qe6+ Rf6 34.Qe4+  1-0

[Event "URS-FL"]
[Site "Irkutsk"]
[Date "1986.??.??"]
[Round "?"]
[White "Ivanchuk, Vassily"]
[Black "Psakhis, Lev"]
[Result "1/2-1/2"]
[WhiteElo "2475"]
[BlackElo "2555"]

1.Nf3 Nf6 2.g3 d5 3.Bg2 e6 4.O-O Be7 5.d4 O-O 6.c4 b6 7.cxd5 exd5 8.Nc3 Bb7
9.b3 Ne4 10.Qc2 f5 11.Ne5 Bf6 12.Bb2 Qe7 13.Nxe4 dxe4 14.f3 c5 15.fxe4 cxd4
16.Nc4 b5 17.e5 Bg5 18.Ba3 b4 19.Bxb7 Qxb7 20.Rxf5 Be7 21.Bb2 Qd5 22.Rxf8+ Bxf8
23.e3 dxe3 24.Qg2 Qxg2+ 25.Kxg2 Nd7 26.Nxe3 a5 27.Rd1 Nc5 28.Bd4 Ne6 29.Bb6 a4
30.Nc4 axb3 31.axb3 Bc5 32.Ba5 Rb8 33.Rd3 Rf8 34.Rd2 Rb8 35.Nd6 Bd4 36.Bc7 Ra8
37.Nb5 Bc3 38.Rc2 Nxc7 39.Nxc7 Rc8 40.Na6 Ra8 41.Ra2  1/2-1/2

[Event "URS-FL"]
[Site "Irkutsk"]
[Date "1986.??.??"]
[Round "?"]
[White "Ivanchuk, Vassily"]
[Black "Pigusov, Evgeny"]
[Result "1/2-1/2"]
[WhiteElo "2475"]
[BlackElo "2500"]

1.d4 Nf6 2.c4 e6 3.Nc3 d5 4.Nf3 Be7 5.Bg5 h6 6.Bxf6 Bxf6 7.e3 O-O 8.Rc1 c6
9.Bd3 Nd7 10.O-O dxc4 11.Bxc4 c5 12.Qe2 cxd4 13.exd4 Nb6 14.Bd3 g6 15.Qe4 Bg7
16.Rfd1 Re8 17.h4 h5 18.g4 Bd7 19.gxh5 Bc6 20.Qg4 Bxf3 21.Qxf3 Qxh4 22.Ne2 Qxh5
23.Qxh5 gxh5 24.Be4 Red8 25.Rc5 h4 26.Rd3 Rd7 27.Ra5 a6 28.Rh5 f5 29.Bf3 Bf6
30.Re3 Rg7+ 31.Kh1 Kf7 32.Nf4 Re8 33.Rxf5 exf5 34.Bh5+ Kg8 35.Rxe8+ Kh7 36.Ne6 Rg8
37.Rxg8 Kxg8 38.b3 Nc8 39.Kg2 Nd6 40.Bg6 a5 41.Kf3 b6  1/2-1/2

[Event "URS-FL"]
[Site "Irkutsk"]
[Date "1986.??.??"]
[Round "?"]
[White "Kruppa, Yuri"]
[Black "Ivanchuk, Vassily"]
[Result "1-0"]
[WhiteElo "2445"]
[BlackElo "2475"]

1.e4 e5 2.Nf3 Nc6 3.Bb5 Nf6 4.O-O Nxe4 5.d4 a6 6.Ba4 Be7 7.Re1 b5 8.Rxe4 d5
9.Nxe5 Nxe5 10.Rxe5 bxa4 11.Nc3 O-O 12.Rxd5 Bd6 13.Bg5 Qe8 14.a3 Rb8 15.Rb1 f5
16.Qd2 Qg6 17.Ra5 f4 18.f3 Bf5 19.Bh4 Bxc2 20.Rc1 Rxb2 21.Ne4 Bxe4 22.Qxb2 Bxf3
23.Rg5 Qh6 24.gxf3 Qxh4 25.Ra5 Qe7 26.Qc3 Bxa3 27.Ra1 Bd6 28.Rc1 Qh4 29.Rxa4 g5
30.Rxa6 g4 31.Rc2 Qg5 32.Ra5 Qg6 33.Qb3+ Kh8 34.Rg2 g3 35.Qc2 Qf6 36.Qe4 Kg7
37.Re2 Rb8 38.Kg2 Rb4 39.Rd2 Rb3 40.Ra8 gxh2 41.Kh1 Rb5 42.d5 Rb2 43.Rxb2 Qxb2
44.Qe6 Qb1+ 45.Kxh2 Bf8 46.Qe5+ Kg8 47.Qf6 Qb4 48.Ra2 Bg7 49.Qe6+ Kh8 50.Ra8+ Bf8
51.Qf7  1-0

[Event "URS-FL"]
[Site "Irkutsk"]
[Date "1986.??.??"]
[Round "?"]
[White "Ivanchuk, Vassily"]
[Black "Lputian, Smbat G"]
[Result "1/2-1/2"]
[WhiteElo "2475"]
[BlackElo "2520"]

1.d4 Nf6 2.Nf3 g6 3.c4 Bg7 4.Nc3 d5 5.Qb3 dxc4 6.Qxc4 O-O 7.e4 Na6 8.Be2 c5
9.d5 e6 10.O-O exd5 11.exd5 Bf5 12.Bf4 Qb6 13.Be5 Qxb2 14.Ne4 Qb6 15.Rab1 Nb4
16.Bxf6 Bxf6 17.a3 Rfe8 18.Nfd2 Bd4 19.Bd3 a5 20.Rfc1 Qa6 21.axb4 b5 22.Qxb5 Qxb5
23.Bxb5 Rxe4 24.Nxe4 Bxe4 25.bxa5 Bxb1  1/2-1/2

[Event "URS-FL"]
[Site "Irkutsk"]
[Date "1986.??.??"]
[Round "?"]
[White "Gavrikov, Viktor"]
[Black "Ivanchuk, Vassily"]
[Result "0-1"]
[WhiteElo "2550"]
[BlackElo "2475"]

1.Nf3 Nf6 2.g3 g6 3.c4 Bg7 4.Bg2 O-O 5.d4 c6 6.O-O d5 7.Ne5 e6 8.Nc3 Nfd7
9.Nxd7 Nxd7 10.cxd5 exd5 11.Be3 Re8 12.Qd2 Nf6 13.Bh6 Bh8 14.f3 b6 15.Rad1 c5
16.Be3 Ba6 17.Rfe1 Rc8 18.Bf2 Bg7 19.g4 h6 20.e3 Bb7 21.Bg3 a6 22.h3 Bf8
23.a3 b5 24.Ne2 Nd7 25.Nf4 Bd6 26.dxc5 Rxc5 27.Bf2 Qc7 28.Rc1 Nb6 29.Rxc5 Bxc5
30.Qc1 Nc4 31.Nd3 Bd6 32.f4 Qe7 33.a4 bxa4 34.e4 Rc8 35.e5 Bb4 36.Nxb4 Qxb4
37.f5 Qd2 38.Qa1 Nxe5 39.fxg6 fxg6 40.Be3 Qb4 41.Bxh6 Nd3 42.Rf1 Qd4+ 43.Kh2 Qxb2
44.Qxa4 d4 45.Rg1 Bd5 46.Kg3 Qf2+ 47.Kh2 Ne1 48.Qd1 Nf3+ 49.Kh1 Qg3  0-1

[Event "URS-FL"]
[Site "Irkutsk"]
[Date "1986.??.??"]
[Round "?"]
[White "Romanishin, Oleg M"]
[Black "Ivanchuk, Vassily"]
[Result "1-0"]
[WhiteElo "2560"]
[BlackElo "2475"]

1.e4 e6 2.d4 d5 3.e5 c5 4.c3 Nc6 5.Nf3 Bd7 6.Be2 f6 7.O-O fxe5 8.Nxe5 Nxe5
9.dxe5 Qc7 10.c4 Qxe5 11.Bh5+ g6 12.Bf3 O-O-O 13.Re1 Qd6 14.Nc3 dxc4 15.Qe2 Nf6
16.Qxc4 Be7 17.Bf4 Qd4 18.Nb5 Bxb5 19.Bxb7+  1-0

[Event "URS-FL"]
[Site "Irkutsk"]
[Date "1986.??.??"]
[Round "?"]
[White "Razuvaev, Yuri S"]
[Black "Ivanchuk, Vassily"]
[Result "1/2-1/2"]
[WhiteElo "2535"]
[BlackElo "2475"]

1.c4 e6 2.Nf3 Nf6 3.g3 d5 4.Bg2 Be7 5.O-O O-O 6.b3 c5 7.Bb2 Nc6 8.e3 d4 9.exd4 cxd4
10.Re1 Ne8 11.d3 f6 12.Ba3 e5 13.Bxe7 Qxe7 14.a3 a5 15.Nbd2 Nc7 16.Qc2 Be6
17.Ne4 Kh8 18.h4 h6 19.c5 Nb5 20.h5 Qf7 21.Nh4 Qxh5 22.a4 Nc7 23.Nd6 Bd5
24.Nxb7 Bxg2 25.Kxg2 Qf7 26.Nd6 Qd5+ 27.Kh2 Rfb8 28.Rab1 Rb4 29.Qe2 Ne7 30.Qg4  1/2-1/2

[Event "URS-ch otbor"]
[Site "Minsk"]
[Date "1986.??.??"]
[Round "?"]
[White "Ivanchuk, Vassily"]
[Black "Grigorian, Karen Ashotovich"]
[Result "0-1"]
[WhiteElo "2475"]
[BlackElo "2405"]

1.d4 Nf6 2.c4 c5 3.d5 b5 4.cxb5 a6 5.bxa6 g6 6.Nc3 Bxa6 7.e4 Bxf1 8.Kxf1 d6
9.Nf3 Nbd7 10.g3 Bg7 11.Qe2 O-O 12.Kg2 Nb6 13.Bf4 Nh5 14.Rhd1 Na4 15.Nxa4 Nxf4+
16.gxf4 Rxa4 17.b3 Bxa1 18.bxa4 Bg7 19.Nd2 Qa5 20.Nc4 Qxa4 21.Rb1 Bd4 22.a3 Qa8
23.Qf3 Kg7 24.Rb6 Qa4 25.Qd3 Ra8 26.Rb7 Kf8 27.e5 Ra7 28.Rb8+ Kg7 29.exd6 Qd7
30.f5 exd6 31.Rb6 Qd8 32.Qg3 Be5 33.f4 Bd4 34.Qe1 Rxa3 35.Rb7 Ra2+ 36.Kh3 Rc2
37.Qe6 Kh6 38.Qxf7 Rxh2+ 39.Kxh2 Qh4+ 40.Kg2 Qf2+ 41.Kh3 Qf1+ 42.Kg3 Bf2+
43.Kf3 Bg1+  0-1

[Event "URS-ch otbor"]
[Site "Minsk"]
[Date "1986.??.??"]
[Round "?"]
[White "Glek, Igor V"]
[Black "Ivanchuk, Vassily"]
[Result "0-1"]
[WhiteElo "2460"]
[BlackElo "2475"]

1.e4 e5 2.Nf3 Nf6 3.Nxe5 d6 4.Nd3 Nxe4 5.Qe2 Qe7 6.b3 Nc6 7.Bb2 Bf5 8.g4 Bd7
9.Bg2 O-O-O 10.O-O Nc5 11.Qxe7 Bxe7 12.Nxc5 dxc5 13.Re1 Bf6 14.Bxf6 gxf6
15.Bxc6 Bxc6 16.Re3 h5 17.d3 hxg4 18.Nd2 f5 19.Re5 f4 20.Nf1 Rde8 21.Rae1 Kd7
22.Rxe8 Rxe8 23.Rxe8 Kxe8 24.Nd2 Ke7 25.Kf1 Ke6 26.Ke2 Bd5 27.Nb1 Kf5 28.Nc3 c6
29.a4 a5 30.Kf1 Kg5 31.Ke1 Bf3 32.Kf1 Kh4 33.Nb1 Kh3 34.Kg1 Bd1 35.Na3 b5
36.axb5 cxb5 37.Nxb5 Bxc2 38.d4 Bd3 39.Na7 c4 40.bxc4 Bxc4 41.Nc6 a4 42.Nb4 a3
43.Nc2 a2 44.Na1 f5 45.Nc2 g3 46.hxg3 fxg3 47.f3 f4  0-1

[Event "URS-ch otbor"]
[Site "Minsk"]
[Date "1986.??.??"]
[Round "?"]
[White "Ehlvest, Jaan"]
[Black "Ivanchuk, Vassily"]
[Result "1/2-1/2"]
[WhiteElo "2465"]
[BlackElo "2475"]

1.d4 d5 2.Nf3 Nf6 3.c4 e6 4.Nc3 c6 5.Bg5 dxc4 6.e4 b5 7.e5 h6 8.Bh4 g5 9.Nxg5 hxg5
10.Bxg5 Be7 11.exf6 Bxf6 12.Bxf6 Qxf6 13.g3 Na6 14.Bg2 Bb7 15.a4 O-O-O 16.axb5 cxb5
17.Bxb7+ Kxb7 18.Nxb5 e5 19.d5 Nb4 20.Rxa7+ Kb6 21.Qa4 Nd3+ 22.Kd2 Qxf2+
23.Kc3 Qxb2+ 24.Kxc4 Rc8+ 25.Kxd3 e4+ 26.Ke3 Rc3+ 27.Nxc3 Qxc3+ 28.Kxe4 f5+
29.Kf4 Qd2+  1/2-1/2

[Event "URS-ch otbor"]
[Site "Minsk"]
[Date "1986.??.??"]
[Round "?"]
[White "Yermolinsky, Alex"]
[Black "Ivanchuk, Vassily"]
[Result "1/2-1/2"]
[WhiteElo "2445"]
[BlackElo "2390"]

1.d4 d5 2.Nf3 Nf6 3.c4 e6 4.Nc3 c6 5.Bg5 dxc4 6.e4 b5 7.e5 h6 8.Bh4 g5 9.Nxg5 hxg5
10.Bxg5 Nbd7 11.exf6 Bb7 12.g3 c5 13.d5 Qb6 14.Bg2 b4 15.O-O O-O-O 16.Rb1 Qa6
17.dxe6 Bxg2 18.e7 Bxf1 19.Qd5 Bh6 20.exd8=Q+ Kxd8 21.Ne4 Bh3 22.Nxc5 Be6
23.Nxe6+ fxe6 24.Qa8+ Qc8 25.Qxa7 Bxg5 26.Qa5+ Qc7 27.Qxg5 Qe5 28.Qd2 c3
29.bxc3 bxc3 30.Qd3 Qf5 31.Qxf5 exf5 32.Rc1 Nxf6 33.Rxc3 Ke7 34.a4 Ra8 35.Ra3 Ra5
36.Kg2 f4 37.h4 Ke6 38.Kf3 Kf5 39.Ra1 Ng4 40.gxf4  1/2-1/2

[Event "Minsk tt"]
[Site "Minsk"]
[Date "1986.??.??"]
[Round "?"]
[White "Ivanchuk, Vassily"]
[Black "Ehlvest, Jaan"]
[Result "1/2-1/2"]
[WhiteElo "2390"]
[BlackElo "2465"]

1.d4 d5 2.c4 c6 3.Nf3 Nf6 4.Nc3 dxc4 5.a4 Bf5 6.e3 e6 7.Bxc4 Bb4 8.O-O Nbd7
9.Nh4 Bg4 10.f3 Bh5 11.g4 Nd5 12.Ng2 Bg6 13.Na2 Be7 14.e4 N5b6 15.Be2 a5
16.Qb3 h5 17.Nf4 hxg4 18.Nxg6 fxg6 19.Be3 Nf6 20.Qxe6 Qd6 21.Qxd6  1/2-1/2

[Event "SochiJ-A"]
[Site "Sochi"]
[Date "1986.??.??"]
[Round "?"]
[White "Ivanchuk, Vassily"]
[Black "Sorokin, Maxim"]
[Result "1-0"]
[WhiteElo "2390"]
[BlackElo "2430"]

1.d4 d5 2.c4 e6 3.Nc3 c6 4.Nf3 dxc4 5.Bg5 Qc7 6.a4 Bb4 7.e4 b5 8.Be2 Nf6
9.Bxf6 gxf6 10.O-O Bb7 11.axb5 Bxc3 12.bxc3 cxb5 13.d5 exd5 14.Nd4 a6 15.Bh5 dxe4
16.Ne6 Qd7 17.Qg4 Ke7 18.Qg7 Qxe6 19.Qxh8 Qf5 20.g4 Qe6 21.f4 Qb6+ 22.Rf2 Nd7
23.Qxh7 Rf8 24.g5 Nc5 25.Be2 Nd3 26.Bxd3 cxd3 27.Re1 fxg5 28.fxg5 Qg6 29.Qxg6 fxg6
30.Rxf8 Kxf8 31.Kf2 Ke7 32.Ke3 Kd6 33.Rf1 a5 34.Rf6+ Kc5 35.Rxg6 a4 36.Rf6 a3
37.h4 a2 38.Rf1 b4 39.cxb4+ Kxb4 40.g6 Bd5 41.h5 Ka3 42.h6 d2 43.h7  1-0

[Event "SochiJ-A"]
[Site "Sochi"]
[Date "1986.??.??"]
[Round "?"]
[White "Sorokin, Maxim"]
[Black "Ivanchuk, Vassily"]
[Result "1/2-1/2"]
[WhiteElo "2430"]
[BlackElo "2390"]

1.e4 e6 2.d4 d5 3.Nd2 Nf6 4.e5 Nfd7 5.c3 c5 6.Bd3 Nc6 7.Ne2 cxd4 8.cxd4 f6
9.exf6 Nxf6 10.Nf3 Qc7 11.O-O Bd6 12.g3 O-O 13.Bf4 Bxf4 14.Nxf4 Qb6 15.Qd2 Kh8
16.Qe3 Bd7 17.Rfe1 Rae8 18.Ne5 Qxb2 19.Rab1 Qxd4 20.Qxd4 Nxd4 21.Rxb7 Bc8
22.Rxa7 Ng4 23.Nxg4 Nf3+ 24.Kf1 e5 25.Bb5 Bxg4 26.Bxe8 Rxe8 27.Nxd5 Nd2+
28.Kg1 Nf3+  1/2-1/2

[Event "URS-ch U20"]
[Site "Tallinn"]
[Date "1986.??.??"]
[Round "?"]
[White "Glek, Igor V"]
[Black "Ivanchuk, Vassily"]
[Result "1/2-1/2"]
[WhiteElo "2430"]
[BlackElo "2390"]

1.e4 e6 2.d4 d5 3.Nd2 Nf6 4.e5 Nfd7 5.c3 c5 6.f4 Nc6 7.Ndf3 Rb8 8.Bd3 b5
9.Ne2 Qb6 10.O-O b4 11.Kh1 Ba6 12.f5 Bxd3 13.Qxd3 Qb5 14.Qe3 bxc3 15.bxc3 cxd4
16.Nfxd4 Nxd4 17.cxd4 Be7 18.Bd2 exf5 19.Rxf5 O-O 20.Raf1 f6 21.e6 Nb6 22.Rh5 Rb7
23.Rc1 Bd6 24.Nc3 Qe8 25.Qh3 g6 26.Rxd5 Bb4 27.Rc5 Re7 28.Re1 f5 29.Qd3 Rxe6
30.Rce5 Rxe5 31.dxe5 Rf7 32.Nd5 Nxd5 33.Qxd5 Bxd2 34.Qxd2 Rd7 35.Qc3 Qe6
36.h3 Re7 37.Qc5 Kf7 38.a4 f4 39.Qd4 Qf5 40.e6+ Rxe6 41.Qxa7+ Kf6 42.Qd4+ Kg5
43.Qd8+ Kh5 44.Rf1 Qe5 45.Rd1 g5 46.Qd3 h6 47.Qf3+ Kg6 48.h4 Qe2  1/2-1/2

[Event "URS-ch U20"]
[Site "Tallinn"]
[Date "1986.??.??"]
[Round "?"]
[White "Ivanchuk, Vassily"]
[Black "Azmaiparashvili, Zurab"]
[Result "1/2-1/2"]
[WhiteElo "2390"]
[BlackElo "2465"]

1.d4 d6 2.e4 g6 3.Nf3 Bg7 4.Be2 Nf6 5.Nc3 Bg4 6.O-O Nc6 7.Be3 O-O 8.Qd2 e5
9.dxe5 dxe5 10.Rad1 Qc8 11.Qc1 Rd8 12.Rxd8+ Qxd8 13.Rd1 Qf8 14.h3 Bxf3 15.Bxf3 Rd8
16.Nb5 Rxd1+ 17.Qxd1 Qb8 18.c3 Bf8 19.Bg5 Be7 20.Bxf6 Bxf6 21.Qd7 Qd8 22.Bg4 h5
23.Qxd8+ Bxd8 24.Bc8 b6 25.Bb7 Na5 26.Ba6 Nc6 27.Bb7 Na5  1/2-1/2

[Event "URS-ch U20"]
[Site "Tallinn"]
[Date "1986.??.??"]
[Round "?"]
[White "Ivanchuk, Vassily"]
[Black "Bareev, Evgeny"]
[Result "1-0"]
[WhiteElo "2390"]
[BlackElo "2365"]

1.e4 e6 2.d4 d5 3.Nd2 c5 4.exd5 exd5 5.Bb5+ Bd7 6.Bxd7+ Nxd7 7.Ne2 c4 8.b3 cxb3
9.axb3 a6 10.O-O Bd6 11.c4 Ne7 12.c5 Bc7 13.Nf3 Nb8 14.Bg5 f6 15.Bf4 Nbc6
16.Qd2 Ba5 17.Qd3 O-O 18.Bd6 Re8 19.Ng3 Qd7 20.h3 Nc8 21.Bf4 N8a7 22.Bd2 Bc7
23.Rfe1 Nb5 24.Nf1 Qf7 25.Rxe8+ Rxe8 26.Ne3 Re4 27.Nc2 Qd7 28.Be3 g6 29.Na3 Nba7
30.Rb1 Nb4 31.Qc3 Ba5 32.Nd2 Re8 33.Ndc4 dxc4 34.Nxc4 Nb5 35.Qd2 Nxd4 36.Nxa5 Nbc2
37.Rd1 Rd8 38.Kh1 Qb5 39.b4 Nxb4 40.Bxd4 Qxa5 41.Qe1 Kf7 42.Bc3 Rxd1 43.Qxd1 Qxc5
44.Qd7+ Qe7 45.Qxe7+ Kxe7 46.Bxb4+ Ke6 47.Kg1 Kd5 48.Kf1 Kc4 49.Ba5 b5 50.Ke2 b4
51.Kd2 Kb3 52.Kc1 f5 53.h4 Ka4 54.Bd8 Kb3 55.Kb1 Kc3 56.g3 Kb3 57.Bf6 Ka3
58.Bg7 Kb3 59.Bb2 a5 60.Bf6 a4 61.Bb2 f4  1-0

[Event "URS-ch U20"]
[Site "Tallinn"]
[Date "1986.??.??"]
[Round "?"]
[White "Pigusov, Evgeny"]
[Black "Ivanchuk, Vassily"]
[Result "1-0"]
[WhiteElo "2495"]
[BlackElo "2390"]

1.c4 e6 2.Nf3 Nf6 3.g3 d5 4.Bg2 Be7 5.O-O O-O 6.b3 c5 7.Bb2 Nc6 8.e3 d4 9.exd4 cxd4
10.d3 e5 11.Re1 Nd7 12.a3 a5 13.Qc2 f6 14.Nbd2 Nc5 15.Ne4 Na6 16.h3 Be6 17.g4 Qd7
18.Ng3 Nc5 19.Nd2 Rab8 20.Nde4 Nxe4 21.Bxe4 Rfc8 22.Bc1 b5 23.Bd2 g6 24.f4 a4
25.f5  1-0

[Event "URS-ch U20"]
[Site "Tallinn"]
[Date "1986.??.??"]
[Round "?"]
[White "Ehlvest, Jaan"]
[Black "Ivanchuk, Vassily"]
[Result "0-1"]
[WhiteElo "2465"]
[BlackElo "2390"]

1.e4 e6 2.d4 d5 3.Nc3 Nf6 4.e5 Nfd7 5.f4 c5 6.Nf3 Nc6 7.Be3 Qb6 8.Na4 Qa5+
9.c3 cxd4 10.b4 Nxb4 11.cxb4 Bxb4+ 12.Bd2 Bxd2+ 13.Nxd2 b6 14.Qb3 g5 15.Qb5 gxf4
16.Qxa5 bxa5 17.Nf3 Rb8 18.Bd3 O-O 19.Rc1 f6 20.Nxd4 Nxe5 21.Bc2 Rb4 22.Rd1 Nc4
23.Bb3 Ne3 24.Rd2 Kh8 25.Nc2 Nxc2+ 26.Rxc2 e5 27.Rc5 d4 28.Rxa5 Rb7 29.Nc5 Re7
30.Rf1 h5 31.Rf2 h4 32.h3 Rd8 33.Nd3 Bf5 34.Kd2 Bxd3 35.Kxd3 e4+ 36.Kc2 d3+
37.Kb2 e3 38.Rxf4 e2 39.Rh5+ Rh7 40.Rxh7+ Kxh7 41.Rxh4+ Kg7 42.Re4 Rc8 43.Re7+ Kf8
44.Re6 Re8  0-1

[Event "URS-ch U20"]
[Site "Tallinn"]
[Date "1986.??.??"]
[Round "?"]
[White "Ivanchuk, Vassily"]
[Black "Epishin, Vladimir"]
[Result "1-0"]
[WhiteElo "2390"]
[BlackElo "2350"]

1.d4 Nf6 2.c4 e6 3.g3 Bb4+ 4.Bd2 Qe7 5.Bg2 Nc6 6.d5 Ne5 7.Qb3 Bxd2+ 8.Nxd2 O-O
9.Nh3 d6 10.Nf4 Ng6 11.Nd3 Ng4 12.h3 Nh6 13.dxe6 fxe6 14.e3 Rb8 15.c5 d5
16.c6 b6 17.e4 Ba6 18.O-O dxe4 19.Nxe4 Rbd8 20.Rfd1 Nf5 21.Nb4 Be2 22.Rxd8 Rxd8
23.Nc2 Rd3 24.Nc3 Nxg3 25.Ne1 Rxc3 26.Qxc3 Nf5 27.Qd2 Bh5 28.Qd7 Nf4 29.Qxe7 Nxe7
30.Bf1 Kf7 31.b4 Nxc6 32.Rc1 Nxb4 33.Rxc7+ Kf6 34.Rxa7 Bg6 35.Nf3 Nbd5 36.Nd2 Bf5
37.Kh2 g5 38.Nc4 h5 39.Rb7 Nc3 40.a3 Be4 41.Rxb6 Nd1 42.Kg1 Nc3 43.Rb3 Nce2+
44.Bxe2 Nxe2+ 45.Kh2 Nd4 46.Re3 Nf3+ 47.Kg3 h4+ 48.Kg2 Nd2+ 49.f3 Nxc4 50.Rxe4 Nxa3
51.f4 gxf4 52.Rxf4+ Kg5 53.Rg4+ Kf5 54.Rxh4 e5 55.Rh8 Nb5 56.Rf8+ Kg6 57.Kg3 Nd6
58.Kf3 Kg5 59.Rg8+ Kf6 60.h4 Kf7 61.Rg4 Kf6 62.h5 Nf7 63.Ke4 Ng5+ 64.Ke3 Kf5
65.Rg2 Nf7 66.Rg3 Kf6 67.Ke4 Ng5+ 68.Kd5 e4 69.Kd4 Kf5 70.h6  1-0

[Event "URS-ch U20"]
[Site "Tallinn"]
[Date "1986.??.??"]
[Round "?"]
[White "Ivanchuk, Vassily"]
[Black "Kuporosov, Viktor"]
[Result "1/2-1/2"]
[WhiteElo "2390"]
[BlackElo "2445"]

1.d4 Nf6 2.c4 e6 3.g3 d5 4.Bg2 dxc4 5.Nf3 a6 6.Ne5 c5 7.Be3 Nd5 8.dxc5 Nd7
9.Bd4 Nxe5 10.Bxe5 f6 11.Bd4 Bxc5 12.Bxc5 Qa5+ 13.Nd2 Qxc5 14.Rc1 b5 15.b3 Bb7
16.O-O Ne3 17.fxe3 Qxe3+ 18.Rf2 Bxg2 19.Kxg2 Rd8 20.Rc2 c3 21.Rf3 Rxd2 22.Rxe3 Rxd1
23.Rexc3 Ke7 24.Rc6 Rd6 25.Rc7+ Rd7 26.R7c6 Rd6 27.Rc7+ Rd7 28.R7c6 Rd6  1/2-1/2

[Event "URS-ch U20"]
[Site "Tallinn"]
[Date "1986.??.??"]
[Round "?"]
[White "Ivanchuk, Vassily"]
[Black "Novikov, Igor A"]
[Result "1-0"]
[WhiteElo "2390"]
[BlackElo "2490"]

1.d4 Nf6 2.c4 e6 3.g3 d5 4.Bg2 dxc4 5.Nf3 a6 6.Ne5 c5 7.Be3 Nd5 8.dxc5 Nd7
9.Bd4 Nxe5 10.Bxe5 f6 11.Bd4 Bxc5 12.Bxc5 Qa5+ 13.Nd2 Qxc5 14.Rc1 b5 15.b3 Bb7
16.O-O c3 17.Ne4 Qc7 18.b4 Rd8 19.Qb3 Kf7 20.Nc5 Bc8 21.Rfd1 Nb6 22.Qxc3 Rxd1+
23.Rxd1 Rd8 24.Rxd8 Qxd8 25.f4 Qd1+ 26.Kf2 Nd5 27.Bxd5 Qxd5 28.Qd3 Qxd3 29.Nxd3 Ke7
30.Ke3 Kd6 31.Kd4 Bb7 32.e4 h6 33.e5+ Kc6 34.Nc5 Bc8 35.exf6 gxf6 36.Ne4 e5+
37.fxe5 fxe5+ 38.Kxe5 Bh3 39.Nf2 Bc8 40.g4 Kd7 41.Kf6 Kd6 42.h4 Kd5 43.h5 Be6
44.g5 hxg5 45.h6 Bg8 46.Kg7  1-0

[Event "EU-ch U18"]
[Site "Arnhem"]
[Date "1987.??.??"]
[Round "1"]
[White "Ivanchuk, Vassily"]
[Black "Wessman, Richard"]
[Result "1-0"]
[WhiteElo "2480"]
[BlackElo "2285"]

1.d4 f5 2.Nf3 Nf6 3.c4 e6 4.Qc2 d5 5.Nc3 c6 6.Bf4 Be7 7.e3 O-O 8.h3 Ne4 9.g4 Bb4
10.Rc1 g5 11.Bxb8 Rxb8 12.Bd3 Qf6 13.Ne5 Nxc3 14.bxc3 Bd6 15.f4 gxf4 16.exf4 Bxe5
17.fxe5 Qh4+ 18.Qf2 Qxf2+ 19.Kxf2 fxg4+ 20.Ke2 dxc4 21.Be4 g3 22.Rcg1 Bd7
23.Rxg3+ Kh8 24.Rg4 Rf7 25.Rhg1 Rbf8 26.Rh4 Rg8 27.Rf1 Rxf1 28.Rxh7+  1-0

[Event "EU-ch U18"]
[Site "Arnhem"]
[Date "1987.??.??"]
[Round "2"]
[White "Lutz, Christopher"]
[Black "Ivanchuk, Vassily"]
[Result "0-1"]
[WhiteElo "2295"]
[BlackElo "2480"]

1.d4 Nf6 2.c4 e6 3.Nc3 Bb4 4.e3 b6 5.Ne2 Bb7 6.a3 Be7 7.d5 O-O 8.Nf4 a5 9.Be2 Na6
10.O-O Nc5 11.b3 Re8 12.Bb2 c6 13.Bf3 cxd5 14.cxd5 e5 15.Nh5 Nxh5 16.Bxh5 Ba6
17.Be2 Bxe2 18.Nxe2 Bd6 19.Ng3 g6 20.f4 exf4 21.exf4 Ne4 22.Qd3 Bc5+ 23.Kh1 Nxg3+
24.Qxg3 Re3 25.Rf3 Re2 26.Bc3 f5 27.d6 Bxd6 28.Rd3 Qe7 29.Rad1 Re6 30.Qf3 Rd8
31.a4 Bc5 32.h3 d6 33.Kh2 Re4 34.Ba1 Qe6 35.R3d2 Be3 36.Rc2 Bxf4+ 37.Kg1 d5
38.Qf1 d4 39.Rc4 g5 40.Kh1 d3 41.Rxe4 fxe4 42.Qf2 e3 43.Qb2 Be5  0-1

[Event "EU-ch U18"]
[Site "Arnhem"]
[Date "1987.??.??"]
[Round "3"]
[White "Ivanchuk, Vassily"]
[Black "Riemersma, Liafbern"]
[Result "1/2-1/2"]
[WhiteElo "2480"]
[BlackElo "2345"]

1.e4 c5 2.Nf3 d6 3.d4 cxd4 4.Nxd4 Nf6 5.Nc3 e6 6.g4 Nc6 7.g5 Nd7 8.Be3 a6
9.h4 Qc7 10.Qe2 b5 11.O-O-O Bb7 12.Bh3 b4 13.Nd5 exd5 14.exd5 Ne7 15.Nc6 Bxc6
16.dxc6 Qxc6 17.Rhe1 O-O-O 18.Rd4 Qb5 19.Qxb5 axb5 20.Rxd6 Nf5 21.Rc6+ Kb7
22.Bg2 Nxe3 23.Rxe3 Kb8 24.Rd3 Be7 25.Rd5 Nc5 26.Rdxc5 Bxc5 27.Rxc5 Rd4 28.Rxb5+ Kc8
29.Ra5 Rhd8 30.b3 Rxh4 31.Rf5 Rf8 32.f4 f6 33.Ra5 Kd7 34.Ra7+ Ke6 35.Rxg7 Rxf4
36.Bh3+ Kd6 37.gxf6 h6 38.Kb2 R8xf6 39.a4 Rf2 40.a5 Kc5 41.Bc8 Rf8 42.Ba6 R8f7
43.Rg8 Rf8 44.Rg7 R8f7 45.Rg8 Ra7 46.Rg6 Rh2 47.Rf6 h5 48.Rf5+ Kd6 49.Bd3 h4
50.Rh5 Rh1 51.Be4 Rd1 52.Rh6+ Ke5 53.Bd3 Rh1 54.Rh5+ Kf4 55.a6 h3 56.Rh8 Kg3
57.Rg8+ Kf4 58.Rf8+ Kg3 59.Rg8+ Kf4 60.Rf8+ Kg3 61.Rg8+  1/2-1/2